Science Quiz

Random Science or Art Quiz

Picture Click: Animal by Latte Art Quiz Stats

Quiz not verified by Sporcle

Also try: Math Blitz: 0 or 1
Challenge
Share
Tweet
Score 0/15 Timer 04:00
2 Plays Today
% Correct
Horse
95.6%
Owl
95.2%
Lion
94.7%
Bear
94.6%
Chimpanzee
94.4%
Deer
94.1%
Elephant
93.9%
Dog
93.7%
% Correct
Whale
93.7%
Giraffe
93.5%
Scorpion
93.3%
Rhinoceros
93.2%
Swan
93.2%
Cat
92.8%
Peacock
91.9%

You're not logged in!

Compare scores with friends on all Sporcle quizzes.
Sign Up with Email
OR
Log In

You Might Also Like...

Show Comments

Extras

Top Quizzes Today


Score Distribution

Your Account Isn't Verified!

In order to create a playlist on Sporcle, you need to verify the email address you used during registration. Go to your Sporcle Settings to finish the process.